Fußballtrainer 3 - Statistiken

Allgemein
  • Dieses Quiz wurde 73 mal gespielt
  • Das Durchschnittsergebnis liegt bei 6 aus 10
Antwortstatistiken
Beschreibung Trainer % Korrekt
impulsiver deutscher Trainer mit einer Schiebermütze als Charakteristikum, hohe Identifikation mit Fans und Verein, war maßgeblich daran beteiligt, dass Anthony Modeste 2021/22 wieder zu alter Stärke fand Steffen Baumgart
89%
wärmt seit 2012 die französische Trainerbank, Weltmeister 2018 und Vize-Weltmeister 2022 in Katar Didier Deschamps
85%
"Tulpengeneral", Mentor von Thomas Müller und Holger Badstuber bei deren ersten Gehversuchen im Profifußball, Trainer des Jahres in Deutschland 2010 Louis van Gaal
82%
einer der erfolgreichsten deutschen Trainer, löste in Griechenland Zeus als Gott aller Götter ab, auch am Betzenberg hat er sich unsterblich gemacht Otto Rehhagel
80%
extrovertierter, wild gestikulierender spanischer Trainer, bekannt für seinen schwarzen Anzug inkl. schwarzem Hemd und farbidentem Schlips, feierte 2013/14 im Camp Nou den Titelgewinn mit seinem "Arbeiterklub" Diego Simeone
67%
spielte von 1997 bis 2004 als ZDM für die Bayern, trainierte von 2011 bis 2013 den HSV, gewann 2020 mit Iniesta und Podolski den Kaiserpokal als Coach von Vissel Kobe Thorsten Fink
46%
Vereinslegende des SV Ried (Oberösterreich), etablierte LASK Linz wieder zu einer Top-Mannschaft in seinem Heimatland, eliminierte in der Europa-League-Saison 2021/22 den großen FC Barcelona Oliver Glasner
44%
verdienter englischer Fußballlehrer, der von 2012 bis 2016 das englische Nationalteam coachte, leistete danach auch gute Arbeit bei Crystal Palace Roy Hodgson
33%
gewann 1995/96 mit Juventus Turin die CL, führte Italien 2006 zum WM-Titel im Olympiastadion Marcello Lippi
31%
Italiener, spielte als Aktiver im Sturm, erlebte dort seine erfolgreichste Zeit bei West Ham United, bekennender Neofaschist und Mitglied der Irriducibili Lazio, coachte 2013 für einige Monate den AFC Sunderland Paolo Di Canio
20%
Keine übereinstimmenden Quizze gefunden
Verteilung der Resultate
Anzahl Personen mit jedem Resultat
Perzentil nach korrekt beantworteten Fragen
Ihre Resultats-Entwicklung
Sie haben dieses Quiz noch nicht gespielt